000 00754cab a22002055a 4500
001 L157698
008 130318e20130309xxk 000 0 eng d
035 _a(Sirsi) u157698
041 0 _aeng
110 2 _aEstates Gazette
_9298
245 0 0 _aPower list 2013
260 _c2013
490 _aEstates Gazette
_v(1310) 9 March 2013, 76-87(10)
520 _aEstates Gazette Property Power List for 2013. The most powerful players in the UK property sector are ranked based on nominations from 20 senior industry figures. Half of the top 10 entries are present for the first time in the three year history of the rankings.
590 _aKA
651 4 _aUnited Kingdom
651 4 _aInternational
690 _aCommercial property
_96227
942 _n0
999 _c84435
_d84435